Statistieken voor Landen met 6 letters

Klik hier om de quiz te nemen!

Algemene statistieken

  • Deze quiz is 223 keer genomen
    (171 sinds de laatste reset)
  • De gemiddelde score is 15 van 27

Antwoordstatistieken

Country% Correct
België
93%
Spanje
83%
Italië
80%
Egypte
68%
Zweden
66%
Canada
64%
Belize
61%
Kosovo
61%
Mexico
58%
Monaco
58%
Servië
58%
Cyprus
56%
Guyana
56%
Israël
56%
Panama
56%
Tuvalu
56%
Gambia
51%
Bhutan
46%
Rwanda
46%
Taiwan
46%
Zambia
44%
Tsjaad
42%
Angola
37%
Guinee
37%
Soedan
36%
Brunei
34%
Malawi
32%

Scoreverdeling

Percentiel versus Aantal Correcte Antwoorden

Procent van Mensen met Elke Score

Uw Scoregeschiedenis

U heeft deze quiz nog niet genomen sinds de laatste reset